000 00288nam a22001217a 4500
040 _cSK
082 _a351
100 _aប៉ែន សុខារី
245 _aការគូរផែនទីព្រៃឈើ
260 _aRUA
_bប៉ែន
_cNA
300 _a35p.
942 _cEK
999 _c10195
_d10195